| 000 | 00815nam a22002057a 4500 | ||
|---|---|---|---|
| 999 |
_c16893 _d16893 |
||
| 003 | AR-CdUCM | ||
| 008 | 190506b ||||| |||| 00| 0 sap d | ||
| 040 |
_aMUNICIPALIDAD PROVINCIAL DEL CUSCO _cBIBLIOTECA MUNICIPAL DEL CUSCO |
||
| 082 |
_a801 / _bP78 |
||
| 100 |
_aPortuondo, José Antonio. _916632 |
||
| 245 | _aConcepto de la poesía / | ||
| 260 |
_aLa habana : _bInstituto cubano del libro, _c1972. |
||
| 300 |
_a287 páginas ; _c20 cm. |
||
| 500 | _aClasificación biblioteca nacional. | ||
| 505 | _aContenido :La teoría de la literatura y las ciencias de la cultura -- Nacimiento de la poesía -- Desarrollo de la poesía moderna -- Esencia de la poesía -- La ciencia literaria en Cuba ... | ||
| 650 |
_aPoesía. _9139 |
||
| 650 |
_aLiteratura. _983 |
||
| 942 |
_2ddc _cLIBROS |
||
| 945 |
_arum _d2019-05-06 |
||